| 000 | 00484nam a22001937a 4500 | ||
|---|---|---|---|
| 005 | 20251108171005.0 | ||
| 008 | 250721s1984 xx 000 0 ara d | ||
| 082 | 1 | 4 | _a920.0565/رشي |
| 100 | 1 | _aأبو غيدا، رشيد | |
| 245 | 1 | 0 | _aمن هو / |
| 264 | 1 |
_aعمان : _c1984. |
|
| 300 | _a280ص | ||
| 650 | 1 | 7 | _aالتراجم |
| 650 | 1 | 7 | _aالأردن |
| 700 | 1 | _aبعيون، عدنان | |
| 700 | 1 | _aسمعان، إلياس | |
| 942 |
_2ddc _cBK |
||
| 999 |
_c53821 _d53821 |
||